H. M. S. Surprise (Record no. 118705)
[ view plain ]
| 000 -LEADER | |
|---|---|
| fixed length control field | 00351nam a22001337a 4500 |
| 008 - FIXED-LENGTH DATA ELEMENTS--GENERAL INFORMATION | |
| fixed length control field | 131126b xxu||||| |||| 00| 0 eng d |
| 020 ## - INTERNATIONAL STANDARD BOOK NUMBER | |
| International Standard Book Number | 0006499171 |
| 050 ## - LIBRARY OF CONGRESS CALL NUMBER | |
| Classification number | PZ3.O1285H5 |
| 100 ## - MAIN ENTRY--PERSONAL NAME | |
| Personal name | O'Brian, Patrick |
| 9 (RLIN) | 3935 |
| 245 ## - TITLE STATEMENT | |
| Title | H. M. S. Surprise |
| 260 ## - PUBLICATION, DISTRIBUTION, ETC. (IMPRINT) | |
| Place of publication, distribution, etc | London |
| Name of publisher, distributor, etc | HarperCollinsPublishers |
| Date of publication, distribution, etc | 1993 |
| 300 ## - PHYSICAL DESCRIPTION | |
| Extent | 388p. |
| Dimensions | 20cm |
| 942 ## - ADDED ENTRY ELEMENTS (KOHA) | |
| Source of classification or shelving scheme | Library of Congress Classification |
| Item type | Monograph ( Printed materials) |
No items available.